| 000 | 01144nam a22002057a 4500 | ||
|---|---|---|---|
| 003 | JO-AjAnu | ||
| 005 | 20240324091930.0 | ||
| 008 | 240324b jo ||||| |||| 00| 0 ara d | ||
| 040 |
_aJO-AjAnu _bara _cJO-AjAnu |
||
| 041 | _aara | ||
| 050 |
_aHG1615 _b2024 |
||
| 100 |
_aزغول، مها حسين سيف _965089 _eمعد |
||
| 245 |
_aدوافع استخدام التواصل الاجتماعي ، وتأثيرها على راس المال الاجتماعي في البنوك التجارية الاردنية = The Motivation of Using Social Network Sites and its impact on Social Capital at Jordanian CommercialBANKS / _b _cاعداد مها حسين سيف زغول ؛ اشراف هشام علي شطناوي |
||
| 260 | _c2024 | ||
| 300 | _a107ورقة | ||
| 504 | _aسالة جامعية (رسالة ماجستير) .- جامعة عجلون الوطنية (عجلون، الاردن)، كلية الاعمال، قسم ادارة الاعمال، 2023 | ||
| 650 | 7 | 0 |
_aالبنوك - ادارة - جوانب اجتماعية - الاردن. _965073 |
| 700 | 2 |
_aشطناوي،هشام علي _964865 _eمشرف |
|
| 942 |
_2lcc _cTHS _n0 |
||
| 999 |
_c33324 _d33324 |
||